A civil affairs guide program for Austria and the applicability of the German guide. (Record no. 90004)

MARC details
000 -LEADER
fixed length control field 01168cam a22002531 4500
001 - CONTROL NUMBER
control field sd 49000290
003 - CONTROL NUMBER IDENTIFIER
control field DLC
005 - DATE AND TIME OF LATEST TRANSACTION
control field 20260227112735.0
008 - FIXED-LENGTH DATA ELEMENTS--GENERAL INFORMATION
fixed length control field 900917s1945 dcu 000 0 eng c
010 ## - LIBRARY OF CONGRESS CONTROL NUMBER
LC control number sd 49000290
035 ## - SYSTEM CONTROL NUMBER
System control number (OCoLC)22392169
040 ## - CATALOGING SOURCE
Original cataloging agency U.S. Dept. of State Library
Transcribing agency CSt-H
Modifying agency DLC
042 ## - AUTHENTICATION CODE
Authentication code premarc
050 00 - LIBRARY OF CONGRESS CALL NUMBER
Classification number UB250
Item number .U33 no. 2806
082 ## - DEWEY DECIMAL CLASSIFICATION NUMBER
Classification number 940.53436
110 1# - MAIN ENTRY--CORPORATE NAME
Corporate name or jurisdiction name as entry element United States.
Subordinate unit Office of Strategic Services.
-- Research and Analysis Branch.
245 12 - TITLE STATEMENT
Title A civil affairs guide program for Austria and the applicability of the German guide.
260 ## - PUBLICATION, DISTRIBUTION, ETC.
Place of publication, distribution, etc. [Washington]
Date of publication, distribution, etc. 1945.
300 ## - PHYSICAL DESCRIPTION
Extent iv, 11 p.
Dimensions 27 cm.
490 1# - SERIES STATEMENT
Series statement Its R & A,
Volume/sequential designation no. 2806
500 ## - GENERAL NOTE
General note "This study seeks to determine, on the basis of the Moscow agreement and other considerations pertinent to Austria, which German civil affairs guides are applicable to Austria and which are inapplicable, the character and scope of the new guides required, and the basic policy issues which must be setled in preparing such guides."
500 ## - GENERAL NOTE
General note "First draft."
810 1# - SERIES ADDED ENTRY--CORPORATE NAME
Corporate name or jurisdiction name as entry element United States.
Subordinate unit Department of State.
-- Office of Intelligence Research.
Title of a work R & A ;
Volume/sequential designation no.2806.

No items available.

Powered by Koha